Đánh giá tác động đến môi trường của dự án công trình thuỷ điện Sông Hinh

Tổng quan về đánh giá tác động đến môi trường; Mô tả sơ lược về dự án công trình thủy điện Sông Hinh; Đặc điểm tài nguyên môi trường và tình hình kinh tế xã hội trong vùng trước khi thực hiện dự án; Tác động của dự án công trình thủy điện sông Hinh đến tài nguyên môi trường....

תיאור מלא

שמור ב:
מידע ביבליוגרפי
מחבר ראשי: Cao Duy Đắc.
מחברים אחרים: Trần Cát, PGS.PTS. (hướng dẫn.)
פורמט: ספר
שפה:Vietnamese
יצא לאור: Đà Nẵng, 1997.
נושאים:
תגים: הוספת תג
אין תגיות, היה/י הראשונ/ה לתייג את הרשומה!
Thư viện lưu trữ: Mạng thư viện Đại học Đà Nẵng
LEADER 01433cam a2200361 a 4500
001 000044805
003 3213
005 20060216092556.0
008 010312b1997 vm 000 vie
040 |a IRC  |c IRC  |d IRC 
041 0 |a vie 
082 1 4 |a 621.312  |b CA-Đ 
100 1 |a Cao Duy Đắc. 
245 1 0 |a Đánh giá tác động đến môi trường của dự án công trình thuỷ điện Sông Hinh  |h [Thesis-Luận văn] /  |c Cao Duy Đắc thực hiện ; Trần Cát hướng dẫn. 
260 |a Đà Nẵng,  |c 1997. 
300 |a 132 tr. :  |b mh. ;  |c 29 cm. 
520 3 |a Tổng quan về đánh giá tác động đến môi trường; Mô tả sơ lược về dự án công trình thủy điện Sông Hinh; Đặc điểm tài nguyên môi trường và tình hình kinh tế xã hội trong vùng trước khi thực hiện dự án; Tác động của dự án công trình thủy điện sông Hinh đến tài nguyên môi trường. 
630 0 4 |a Thuỷ điện. 
630 0 4 |a Khoa học kỹ thuật. 
630 0 4 |a Môi trường. 
650 0 4 |a Thủy điện  |x Công trình. 
700 1 |a Trần Cát,  |c PGS.PTS.,  |e hướng dẫn. 
OWN |a DUT 
999 |a From the UDN01 
TYP |a Mixed Materials 
TYP |a Monograph 
TYP |a Printed language 
980 |a Mạng thư viện Đại học Đà Nẵng